NCAA Division I Schools with No Hints - Statistics

General Stats
  • This quiz has been taken 42 times
    19 since last reset
  • The average score is 237 of 364
Answer Stats
Team % Correct
Alabama
93%
Alabama A&M
87%
Alabama-Birmingham
87%
Alabama State
87%
Auburn
87%
Georgia
87%
North Carolina
87%
Texas
87%
Vanderbilt
87%
Arizona
80%
Arizona State
80%
Arkansas
80%
Clemson
80%
Duke
80%
Florida
80%
Florida State
80%
Georgia Southern
80%
Georgia State
80%
Georgia Tech
80%
Jacksonville
80%
Louisiana
80%
Louisiana State
80%
Louisville
80%
Maryland
80%
Memphis
80%
Middle Tennessee
80%
Mississippi
80%
Nevada
80%
North Carolina State
80%
Northern Illinois
80%
Northwestern
80%
Ohio
80%
South Alabama
80%
South Carolina
80%
Southern
80%
Southern Cal
80%
Southern Illinois
80%
Southern Miss
80%
Stephen F. Austin
80%
Tennessee
80%
Texas A&M
80%
Texas Tech
80%
Vermont
80%
Washington
80%
Wisconsin
80%
Air Force
73%
Akron
73%
Albany
73%
Alcorn State
73%
Appalachian State
73%
Arkansas-Pine Bluff
73%
Arkansas State
73%
Army
73%
Boise State
73%
Boston College
73%
Boston University
73%
Bowling Green
73%
Brigham Young
73%
Brown
73%
California
73%
Central Florida
73%
Central Michigan
73%
Charleston
73%
Charleston Southern
73%
Cincinnati
73%
Colorado
73%
Colorado State
73%
Columbia
73%
Cornell
73%
Dartmouth
73%
Dayton
73%
East Carolina
73%
Eastern Michigan
73%
Florida Gulf Coast
73%
Florida International
73%
Gonzaga
73%
Grambling
73%
Harvard
73%
Hawai'i
73%
Houston
73%
Idaho
73%
Idaho State
73%
Illinois
73%
Illinois State
73%
Indiana
73%
Iowa
73%
Iowa State
73%
Jackson State
73%
Jacksonville State
73%
Kansas
73%
Kansas State
73%
Kennesaw State
73%
Liberty
73%
Louisiana-Monroe
73%
Louisiana Tech
73%
Loyola Chicago
73%
Loyola Maryland
73%
Loyola Marymount
73%
Maine
73%
Marquette
73%
Marshall
73%
Massachusetts
73%
Miami
73%
Miami of Ohio
73%
Michigan
73%
Michigan State
73%
Minnesota
73%
Mississippi State
73%
Montana
73%
Montana State
73%
Nebraska
73%
New Hampshire
73%
New Orleans
73%
North Alabama
73%
North Carolina-Greensboro
73%
North Dakota
73%
North Dakota State
73%
Northeastern
73%
Ohio State
73%
Oklahoma
73%
Oklahoma State
73%
Omaha
73%
Oregon
73%
Oregon State
73%
Penn State
73%
Pennsylvania
73%
Pittsburgh
73%
Portland
73%
Princeton
73%
Providence
73%
Purdue
73%
Richmond
73%
Rutgers
73%
Sam Houston
73%
San Diego
73%
San Diego State
73%
San Francisco
73%
San Jose State
73%
Siena
73%
South Carolina State
73%
South Dakota
73%
South Dakota State
73%
St. John's
73%
St. Joseph's
73%
Temple
73%
Tennessee-Martin
73%
Tennessee State
73%
Tennessee Tech
73%
Texas A&M-Corpus Christi
73%
Texas Christian
73%
The Citadel
73%
Toledo
73%
Troy
73%
Tulsa
73%
UCLA
73%
UNLV
73%
Utah
73%
Utah State
73%
Virginia
73%
Virginia Tech
73%
Washington State
73%
Western Michigan
73%
Wichita State
73%
Wyoming
73%
American
67%
Austin Peay
67%
Ball State
67%
Baylor
67%
Buffalo
67%
California-Irvine
67%
California-Riverside
67%
Cal State Bakersfield
67%
Cal State Fullerton
67%
Canisius
67%
Chattanooga
67%
Cleveland State
67%
Coastal Carolina
67%
Creighton
67%
Delaware
67%
Delaware State
67%
Detroit Mercy
67%
Eastern Illinois
67%
Eastern Kentucky
67%
Florida A&M
67%
Florida Atlantic
67%
Fresno State
67%
Georgetown
67%
Grand Canyon
67%
Green Bay
67%
Illinois-Chicago
67%
Indiana State
67%
IU Indy
67%
Kent State
67%
Kentucky
67%
Lipscomb
67%
Little Rock
67%
Mercer
67%
Navy
67%
New Mexico
67%
New Mexico State
67%
Nicholls
67%
Norfolk State
67%
Northern Arizona
67%
Northern Colorado
67%
Northern Iowa
67%
Northern Kentucky
67%
North Florida
67%
North Texas
67%
Oakland
67%
Portland State
67%
Purdue Fort Wayne
67%
Quinnipiac
67%
Rhode Island
67%
Sacramento State
67%
Seattle
67%
Southern Utah
67%
South Florida
67%
Stanford
67%
Stetson
67%
Syracuse
67%
Texas-San Antonio
67%
Texas Southern
67%
UMBC
67%
UTEP
67%
Valparaiso
67%
Virginia Commonwealth
67%
Wake Forest
67%
Western Kentucky
67%
West Virginia
67%
William & Mary
67%
Yale
67%
Binghamton
60%
Butler
60%
California-Davis
60%
California-Santa Barbara
60%
Charlotte
60%
Chicago State
60%
Connecticut
60%
Davidson
60%
Denver
60%
Eastern Washington
60%
Elon
60%
George Washington
60%
Hampton
60%
High Point
60%
Houston Christian
60%
James Madison
60%
Kansas City
60%
Lafayette
60%
La Salle
60%
Long Beach State
60%
Massachusetts-Lowell
60%
Milwaukee
60%
Missouri
60%
Missouri State
60%
Niagara
60%
NJIT
60%
North Carolina-Asheville
60%
North Carolina A&T
60%
North Carolina-Wilmington
60%
Notre Dame
60%
Old Dominion
60%
Radford
60%
Rice
60%
Rider
60%
St. Francis
60%
St. Mary's
60%
Stony Brook
60%
St. Peter's
60%
Texas State
60%
Tulane
60%
Virginia Military
60%
Western Carolina
60%
Western Illinois
60%
Xavier
60%
Youngstown State
60%
Abilene Christian
53%
Belmont
53%
Central Arkansas
53%
Central Connecticut
53%
Drake
53%
Duquesne
53%
Fairleigh Dickinson
53%
George Mason
53%
Holy Cross
53%
Lehigh
53%
Long Island
53%
Longwood
53%
Manhattan
53%
McNeese
53%
Merrimack
53%
Mississippi Valley State
53%
Monmouth
53%
Morehead State
53%
Murray State
53%
Northwestern State
53%
Oral Roberts
53%
Pacific
53%
Pepperdine
53%
Presbyterian
53%
Sacred Heart
53%
Santa Clara
53%
South Carolina Upstate
53%
Southeastern Louisiana
53%
Southern Methodist
53%
St. Bonaventure
53%
St. Thomas
53%
Texas A&M-Commerce
53%
Texas-Arlington
53%
Texas-Rio Grande Valley
53%
Towson
53%
Utah Tech
53%
Villanova
53%
Weber State
53%
Wofford
53%
Bethune-Cookman
47%
Bucknell
47%
Cal Baptist
47%
California-San Diego
47%
Cal Poly
47%
Cal State Northridge
47%
Colgate
47%
DePaul
47%
Drexel
47%
East Tennessee State
47%
Fordham
47%
Furman
47%
Hofstra
47%
Howard
47%
Incarnate Word
47%
Iona
47%
Lindenwood
47%
Maryland Eastern Shore
47%
Mount St. Mary's
47%
North Carolina Central
47%
Prairie View A&M
47%
Robert Morris
47%
Seton Hall
47%
Southern Indiana
47%
St. Louis
47%
Utah Valley
47%
Bellarmine
40%
Bradley
40%
Bryant
40%
Coppin State
40%
Evansville
40%
Fairfield
40%
Lamar
40%
Marist
40%
Samford
40%
SIU Edwardsville
40%
Tarleton
40%
West Georgia
40%
Wright State
40%
Campbell
33%
Gardner-Webb
33%
Morgan State
33%
Queens
33%
Southeast Missouri
33%
Wagner
33%
Mercyhurst
27%
Stonehill
27%
Winthrop
27%
Le Moyne
20%
No matching quizzes found
Score Distribution
Percent of People with Each Score
Percentile by Number Answered
Your Score History
You have not taken this quiz since the last reset